Chronologie a slovník moderních japonských dějin
Saved in:
| Main Author | |
|---|---|
| Format | Electronic eBook |
| Language | Czech |
| Published |
Karolinum
2024
|
| Edition | 1. elektronické vydání |
| Subjects | |
| Online Access | Dostupné v BOOKPORT po přihlášení pomocí eduID |
| ISBN | 978-80-246-5674-8 978-80-246-5662-5 |
| Physical Description | 1 online zdroj (236 stran) |
| LEADER | 00000nam a2200000 i 4500 | ||
|---|---|---|---|
| 001 | bkp527488418 | ||
| 003 | CZ-prgp | ||
| 005 | 20240912115307.0 | ||
| 006 | m o d | ||
| 007 | cr cn | ||
| 008 | 240912s2024 xr o 000 0 cze | ||
| 020 | |a 978-80-246-5674-8 |c 270 Kč |q (online ; pdf) | ||
| 020 | |a 978-80-246-5662-5 |c 390 Kč |q (print) | ||
| 040 | |a Grada |b cze |e rda | ||
| 100 | 1 | |a Labus, David | |
| 245 | 1 | 0 | |a Chronologie a slovník moderních japonských dějin |c David Labus |
| 250 | |a 1. elektronické vydání | ||
| 264 | 1 | |b Karolinum |c 2024 | |
| 300 | |a 1 online zdroj (236 stran) | ||
| 336 | |a text |b txt |2 rdacontent | ||
| 337 | |a počítač |b c |2 rdamedia | ||
| 338 | |a online zdroj |b cr |2 rdacarrier | ||
| 520 | 3 | |a Moderní dějiny Japonska představují nebývale jasně vymezené období. Na jedné straně začínají ostrým revolučním startem v podobě restaurace Meidži roku 1868, na druhé straně neméně razantně mizí ze scény s koncem válečné apokalypsy roku 1945. Spojení velmi podrobné chronologie s výkladovým slovníkem nabízí kontinuitu narativu spolu s encyklopedickým přehledem klíčových aktérů, událostí a pojmů. Hlavní důraz je položen na politické a hospodářské dějiny, ale zejména chronologie postihuje také důležité události kulturní a společenské. Příručka chce mimo jiné přispět ke sjednocení a standardizaci značně rozkolísaného odborného pojmosloví - v tomto směru má normotvorné ambice. | |
| 650 | 0 | 4 | |a Slovníky |
| 856 | 4 | 0 | |u https://www.bookport.cz/AccountSaml/SignIn/?idp=https://shibboleth.utb.cz/idp/shibboleth&returnUrl=/kniha/chronologie-a-slovnik-modernich-japonskych-dejin-13990/ |y Dostupné v BOOKPORT po přihlášení pomocí eduID |